Premier League Manchester City - Estadísticas

Estadísticas generales
  • Esta prueba ha sido intentada 147 veces
  • La puntuación promedio es 8 de 10
Estadísticas de respuestas
# GOLES RESPUESTAS PAIS % Correcto
1 184 SERGIO AGÜERO ARGENTINA
99%
3 81 ERLING HAALAND NORUEGA
98%
4 70 KEVIN DE BRUYNE BELGICA
89%
7 60 DAVID SILVA ESPAÑA
85%
6 60 YAYA TOURE COSTA DE MARFIL
83%
10 50 EDIN DZEKO BOSNIA
81%
5 61 PHIL FODEN INGLATERRA
75%
9 58 GABRIEL JESUS BRASIL
58%
8 58 CARLOS TEVEZ ARGENTINA
56%
2 91 RAHEEM STERLING INGLATERRA
56%
No se encontraron pruebas coincidentes
Distribución de puntuación
Porcentaje de gente con cada puntuación
Porcentaje por número respondido
Historial de tus puntuaciones
No has intentado esta prueba.